[Event "Det åpne NM 2002"]
[Site "Oslo NOR"]
[Date "2002.03.25"]
[Round "4"]
[White "Toan, Thanh Pham"]
[Black "Ådnøy, Hallvard Voll"]
[Result "0-1"]
[WhiteElo "1674"]
[BlackElo "2178"]
[PlyCount "144"]

1. Nf3 d5 2. c4 c6 3. b3 Bg4 4. g3 e6 5. Bg2 Nd7 6. Bb2 Ngf6 7. d3 Bc5 8. O-O
O-O 9. Nbd2 Qe7 10. Qc2 e5 11. e4 dxe4 12. dxe4 Bxf3 13. Nxf3 a5 14. Rfe1 Ba3
15. Bxa3 Qxa3 16. Nh4 g6 17. Qd2 Rfe8 18. Qg5 Kh8 19. Red1 Qe7 20. Rd2 a4 21.
Rb1 axb3 22. axb3 Nc5 23. f3 Ra5 24. Bh3 Ncxe4 25. fxe4 Qc5+ 26. Kh1 Nxe4 27.
Qh6 Nxd2 28. Qxd2 Qd4 29. Qxd4 exd4 30. Nf3 d3 31. Rd1 Ra2 32. Bf1 Rf2 33. Nd2
c5 34. Kg1 Rf6 35. Bg2 Rfe6 36. Bf3 f5 37. Kf2 g5 38. h3 R8e7 39. Nf1 g4 40.
hxg4 fxg4 41. Bd5 Rf6+ 42. Kg1 Kg7 43. Rxd3 Re1 44. Bg2 b6 45. Rd5 h6 46. Rd3
Kg6 47. Rd2 Kg7 48. Rd7+ Kf8 49. Rd2 Rb1 50. Rd3 Ke7 51. Re3+ Kd6 52. Re8 Re6
53. Rxe6+ Kxe6 54. Kf2 Rb2+ 55. Kg1 Rxb3 56. Bd5+ Ke5 57. Bc6 Kd4 58. Bb5 Rb2
59. Ba6 Kd3 60. Bb5 Rb1 61. Kf2 Rb2+ 62. Ke1 Re2+ 63. Kd1 Re6 64. Nd2 h5 65.
Ba6 Re8 66. Bb7 Re7 67. Bc6 Ra7 68. Be4+ Ke3 69. Bg6 Rd7 70. Bxh5 Rxd2+ 71. Ke1
Rd4 72. Bf7 Kf3 0-1

[Event "Det åpne NM 2002"]
[Site "Oslo NOR"]
[Date "2002.03.25"]
[Round "4"]
[White "Hagberg, Øivind"]
[Black "Høva, Frode"]
[Result "0-1"]
[WhiteElo "1131"]
[BlackElo "1474"]
[PlyCount "40"]

1. e4 c5 2. Nf3 d6 3. c3 Nf6 4. Be2 g6 5. O-O Bg7 6. Re1 O-O 7. Bc4 Nc6 8. d4
Bg4 9. h3 Bxf3 10. gxf3 cxd4 11. cxd4 Nh5 12. Be3 e5 13. d5 Nd4 14. f4 Nxf4 15.
Bxf4 exf4 16. f3 Qg5+ 17. Kh1 Qg3 18. Nd2 Qxh3+ 19. Kg1 Nc2 20. Qxc2 Bd4+ 0-1

[Event "Det åpne NM 2002"]
[Site "Oslo NOR"]
[Date "2002.03.26"]
[Round "5"]
[White "Ådnøy, Hallvard Voll"]
[Black "Gausel, Einar"]
[Result "0-1"]
[PlyCount "84"]
[WhiteElo "2178"]
[BlackElo "2520"]

1. e4 c5 2. Nf3 Nc6 3. d4 cxd4 4. Nxd4 e5 5. Nb5 d6 6. c4 Be7 7. N1c3 a6 8. Na3 Be6 
9. Be2 Bg5 10. O-O h6 11. Bg4 Bxc1 12. Rxc1 Nf6 13. Bxe6 fxe6 14. Nc2 O-O 15. Qd3 Qe7 
16. Rcd1 Rfd8 17. g3 Rac8 18. Kh1 Qc7 19. Rc1 Qf7 20. Ne3 Qh5 21. f4 exf4 22. gxf4 Qh3 
23. Qe2 Nd4 24. Qf2 b5 25. Rcd1 e5 26. Rg1 Qf3+ 27. Qxf3 Nxf3 28. Rgf1 Nd4 29. cxb5 axb5 
30. Ned5 Nxd5 31. Nxd5 Rc2 32. fxe5 dxe5 33. Nb4 Rxb2 34. Nd3 Rxa2 35. Nxe5 Re2 
36. Nf7 Rd7 37. Ne5 Re7 38. Rxd4 Rxe5 39. Rb1 Rh5 40. Rd5 Rhxh2+ 41. Kg1 Reg2+ 42. Kf1 Rb2 0-1

[Event "Det åpne NM 2002"]
[Site "Oslo NOR"]
[Date "2002.03.26"]
[Round "5"]
[White "Høva, Frode"]
[Black "Sæther, Lars"]
[Result "1-0"]
[PlyCount "49"]
[WhiteElo "1474"]
[BlackElo "1582"]

1. Nf3 Nf6 2. g3 d5 3. Bg2 e6 4. O-O Nc6 5. d4 Bd6 6. c4 O-O 7. b3 b6 8. Bb2 Rb8 
9. Ne5 Bb7 10. Nd2 Ne7 11. Qc2 c5 12. dxc5 bxc5 13. e3 Qc7 14. Ndf3 Nd7 15. Ng5 Nf6 
16. Nd7 Ne4 17. Bxe4 Qxd7 18. Bxh7+ Kh8 19. Bg8 Nf5 20. Bh7 Be7 21. Bxf5 Bxg5 
22. Bd3 Qc6 23. Qe2 dxc4 24. Qh5+ Bh6 25. Qxh6+ 1-0

[Event "Det åpne NM 2002"]
[Site "Oslo NOR"]
[Date "2002.03.27"]
[Round "6"]
[White "Bentsen, Øyvind"]
[Black "Ådnøy, Hallvard Voll"]
[Result "0-1"]
[PlyCount "80"]
[WhiteElo "1909"]
[BlackElo "2178"]

1. e4 e5 2. Nf3 Nc6 3. Bc4 Bc5 4. c3 Nf6 5. d3 O-O 6. b4 Bb6 7. a4 a6 8. Bb3 d6 
9. h3 Qe7 10. a5 Ba7 11. O-O Nd8 12. Bg5 c6 13. Nbd2 h6 14. Be3 Be6 15. Bxe6 Nxe6 
16. Bxa7 Rxa7 17. g3 Raa8 18. Nc4 Rad8 19. Ne3 g6 20. c4 Nh7 21. Qb3 Nhg5 
22. Nxg5 hxg5 23. b5 f5 24. bxa6 bxa6 25. Kg2 Qd7 26. Rab1 Rf7 27. Rh1 Rdf8 
28. Qb6 Nc5 29. exf5 gxf5 30. Rbd1 Qe8 31. Qb2 e4 32. d4 Nd3 33. Qa2 f4 34. Ng4 fxg3 
35. Nh6+ Kg7 36. Nxf7 Rxf7 37. fxg3 e3 38. Rdf1 Qe4+ 39. Kh2 Rxf1 40. Rxf1 e2 0-1

[Event "Det åpne NM 2002"]
[Site "Oslo NOR"]
[Date "2002.03.27"]
[Round "6"]
[White "Solberg, Joachim"]
[Black "Høva, Frode"]
[Result "1-0"]
[PlyCount "87"]
[WhiteElo "1854"]
[BlackElo "1474"]

1. e4 c5 2. Nf3 d6 3. d4 cxd4 4. Nxd4 Nf6 5. Nc3 e6 6. Be2 Nc6 7. Be3 Be7 8. O-O O-O 
9. f4 a6 10. a4 Qc7 11. Nb3 Re8 12. Kh1 b6 13. Bf3 Rb8 14. g4 Bb7 15. g5 Nd7 16. Qe1 g6 
17. Qg3 Bf8 18. f5 Nce5 19. fxg6 fxg6 20. Bg2 Bg7 21. Nd2 Nc4 22. Nxc4 Qxc4 23. Qxd6 Bxc3 
24. bxc3 Bxe4 25. Qxd7 Bxg2+ 26. Kxg2 Qe4+ 27. Rf3 Rf8 28. Rf1 Qg4+ 29. Rg3 Qe2+ 
30. Rf2 Rxf2+ 31. Bxf2 Rf8 32. Qd4 e5 33. Qe3 Qxc2 34. Qxb6 Qe4+ 35. Kg1 Qxa4 36. Qe6+ Rf7 
37. Qxe5 Qc2 38. Qe8+ Rf8 39. Qe6+ Rf7 40. Qe1 a5 41. Re3 Rf8 42. Re8 a4 43. Qe6+ Kh8 44. Bd4# 1-0

[Event "Det åpne NM 2002"]
[Site "Oslo NOR"]
[Date "2002.03.28"]
[Round "7"]
[White "Ådnøy, Hallvard Voll"]
[Black "Lilleøren, Morten"]
[Result "1-0"]
[PlyCount "91"]
[WhiteElo "2178"]
[BlackElo "1866"]

1. e4 c5 2. Nf3 d6 3. d4 cxd4 4. Nxd4 Nf6 5. Nc3 g6 6. Be2 Bg7 7. O-O O-O 8. Nb3 Nc6 
9. Re1 Be6 10. Bg5 d5 11. exd5 Nxd5 12. Nxd5 Qxd5 13. Qxd5 Bxd5 14. c3 h6 15. Be3 b6 
16. Red1 Rfd8 17. Rd2 Be6 18. Rad1 Rxd2 19. Rxd2 Rd8 20. Rxd8+ Nxd8 21. Bf3 Bc4 
22. Nc1 Ba6 23. a4 Bb7 24. Bxb7 Nxb7 25. Kf1 Kf8 26. Ke2 Ke8 27. Kd3 Kd7 28. b4 Kc6 
29. b5+ Kc7 30. Nb3 e5 31. f4 e4+ 32. Kxe4 Bxc3 33. Kd5 Kd7 34. f5 h5 35. fxg6 fxg6 
36. Bf4 Nd8 37. Bb8 Kc8 38. Be5 Bb4 39. Nd4 Bd2 40. Bf6 Nf7 41. Ke6 Nh6 42. h3 g5 
43. Nf3 Bb4 44. Bxg5 Ng4 45. hxg4 hxg4 46. Ne5 1-0

[Event "Det åpne NM 2002"]
[Site "Oslo NOR"]
[Date "2002.03.28"]
[Round "7"]
[White "Høva, Frode"]
[Black "Wilsbeck, Jan Børge"]
[Result "0-1"]
[PlyCount "78"]
[WhiteElo "1474"]
[BlackElo "1761"]

1. d4 Nf6 2. c4 c5 3. d5 b5 4. cxb5 a6 5. e3 Bb7 6. Nc3 e6 7. dxe6 fxe6 8. Nf3 Be7 
9. Be2 O-O 10. O-O axb5 11. Nxb5 d5 12. b3 Nbd7 13. Bb2 Ne4 14. a4 Bf6 15. Qc2 Qb6 
16. Nd2 Nxd2 17. Qxd2 Bxb2 18. Qxb2 e5 19. Rac1 d4 20. exd4 exd4 21. Qd2 Qg6 22. f3 Ne5 
23. Rxc5 Bxf3 24. Bc4+ Nxc4 25. Rxc4 d3 26. Rcc1 Be2 27. Rxf8+ Rxf8 28. Nc3 Qb6+ 
29. Kh1 Qf2 30. h3 Re8 31. b4 Qf6 32. Re1 Qh6 33. Qa2+ Kh8 34. Nxe2 Qe3 35. b5 Qf2 
36. Qa1 Rxe2 37. Rg1 d2 38. Qf1 Qxf1 39. Rxf1 Re1 0-1

[Event "Det åpne NM 2002"]
[Site "Oslo NOR"]
[Date "2002.03.29"]
[Round "8"]
[White "Ådnøy, Hallvard Voll"]
[Black "Fröhlich, Peter (GER)"]
[Result "0-1"]
[PlyCount "98"]
[WhiteElo "2178"]
[BlackElo "2433"]

1. e4 c5 2. Nf3 d6 3. d4 cxd4 4. Nxd4 Nf6 5. Nc3 a6 6. f4 e5 7. Nf3 Nbd7 8. Bd3 Be7 
9. O-O O-O 10. a4 exf4 11. Bxf4 Nc5 12. Kh1 Bg4 13. Qd2 Bh5 14. Nd4 Bg6 15. Nf5 Bxf5 
16. exf5 d5 17. Be5 Ncd7 18. Bd4 Re8 19. Qf2 Qc7 20. Qf3 Qc6 21. Qf4 Bd6 22. Qh4 Be5 
23. Rad1 Nc5 24. Bxe5 Rxe5 25. Qd4 Rae8 26. a5 Nce4 27. Ne2 Qc8 28. Rf4 Rxf5 
29. Rdf1 Rxf4 30. Rxf4 Nc5 31. Rxf6 gxf6 32. Qxf6 Qg4 33. Bxh7+ Kf8 34. Ng1 Ne4 
35. Bxe4 dxe4 36. Qh8+ Qg8 37. Qh6+ Qg7 38. Qd6+ Kg8 39. Qd7 Qe5 40. Qxb7 e3 
41. Ne2 Rd8 42. Qxa6 Rd1+ 43. Ng1 e2 44. Qc8+ Kg7 45. Qg4+ Kf8 46. Qc8+ Ke7 
47. Qb7+ Kf6 48. Qf3+ Kg5 49. h4+ Kh6 0-1

[Event "Det åpne NM 2002"]
[Site "Oslo NOR"]
[Date "2002.03.29"]
[Round "8"]
[White "Kabashaj, Agron (KOS)"]
[Black "Høva, Frode"]
[Result "0-1"]
[PlyCount "70"]
[WhiteElo "1618"]
[BlackElo "1474"]

1. e4 c5 2. Nf3 d6 3. c3 Nf6 4. Qc2 g6 5. Bc4 Bg7 6. d4 cxd4 7. cxd4 O-O 8. Be3 a6 
9. Nc3 Nc6 10. a3 Ng4 11. Qe2 Nxe3 12. fxe3 b5 13. Bb3 Bd7 14. O-O Rc8 15. Ng5 e6 
16. Nf3 Na5 17. Ba2 Nc4 18. Rac1 Bh6 19. Nd1 Bc6 20. Bxc4 bxc4 21. Nc3 Qb6 22. Kh1 Qb7 
23. d5 exd5 24. exd5 Bxd5 25. Nxd5 Qxd5 26. Rfd1 Qe6 27. Rc3 Rfe8 28. Re1 Bg7 
29. Rc2 d5 30. Nd2 c3 31. bxc3 Bxc3 32. Rec1 Bxd2 33. Rxc8 Bxc1 34. Rxc1 Qxe3 35. Qxa6 Qxc1+ 0-1

[Event "Det åpne NM 2002"]
[Site "Oslo NOR"]
[Date "2002.03.30"]
[Round "9"]
[White "Høva, Frode"]
[Black "Bøe, Arne Hugo"]
[Result "0-1"]
[PlyCount "66"]
[WhiteElo "1474"]
[BlackElo "1894"]

1. d4 f5 2. c4 Nf6 3. g3 e6 4. Bg2 Be7 5. Nc3 d5 6. Nf3 O-O 7. O-O c6 8. b3 Qe8 
9. e3 Nbd7 10. a4 a5 11. Ba3 Bxa3 12. Rxa3 Qe7 13. Qc1 dxc4 14. bxc4 e5 15. d5 Qc5 
16. dxc6 bxc6 17. Nd2 Nb6 18. Qa1 Be6 19. Rc1 Rfd8 20. Nb3 Qb4 21. Bxc6 Rac8 
22. Bd5 Bxd5 23. Nxd5 Nfxd5 24. cxd5 Nc4 25. Nxa5 Qxa5 26. Rac3 Qa6 27. a5 Rxd5 
28. Qa4 Rdc5 29. Qd7 e4 30. Kg2 h6 31. Rb1 Qxa5 32. Rb7 Qxc3 33. Qxg7+ Qxg7 0-1

[Event "Privatkamp mot Eidsvoll 2016"]
[Site "Ås, Akershus NOR"]
[Date "2016.05.12"]
[Round "1"]
[White "Aasgaard, Frode"]
[Black "Furnes, Torstein"]
[Result "0-1"]
[WhiteElo "1700"]
[BlackElo "1644"]
[PlyCount "92"]
[EventDate "2016.05.12"]
[Board "1"]
[WhiteTeam "Eidsvoll"]
[BlackTeam "Follo"]

1. e4 c5 2. Nf3 Nc6 3. d4 cxd4 4. Bc4 e6 5. Nxd4 Qb6 6. Nb5 Ne5 7. Be2 a6 8.
Bf4 d6 9. Be3 Qc6 10. N1c3 Bd7 11. Nd4 Qc7 12. O-O Nf6 13. f4 Nc4 14. Bc1 e5
15. Nf5 Bxf5 16. exf5 Nxb2 17. Bxb2 Qb6+ 18. Kh1 Qxb2 19. Nd5 Nxd5 20. Qxd5 Be7
21. Rab1 Qxc2 22. Qxb7 O-O 23. Qxe7 Qxe2 24. Rbe1 Qxa2 25. fxe5 dxe5 26. Rxe5
f6 27. Re6 a5 28. h4 Qc4 29. Rf3 Qxh4+ 30. Rh3 Qg4 31. Rf3 Rab8 32. Re1 Rb2 33.
Qe6+ Kh8 34. Re2 Rb1+ 35. Kh2 Qh4+ 36. Rh3 Qf4+ 37. Rg3 Qc1 38. Rge3 Qc7+ 39.
g3 Qc1 40. Re1 Rb2+ 41. R1e2 Rxe2+ 42. Rxe2 a4 43. Qe7 Rg8 44. Qd7 a3 45. Re8
Qc2+ 46. Kh3 Qc4 0-1

[Event "Privatkamp mot Eidsvoll 2016"]
[Site "Ås, Akershus NOR"]
[Date "2016.05.12"]
[Round "1"]
[White "Johnson, David"]
[Black "Kvile, Odd Martin"]
[Result "0-1"]
[WhiteElo "1449"]
[BlackElo "1543"]
[PlyCount "46"]
[EventDate "2016.05.12"]
[Board "2"]
[WhiteTeam "Follo"]
[BlackTeam "Eidsvoll"]

1. e4 e6 2. b3 Nc6 3. Bb2 d5 4. Nc3 d4 5. Nce2 e5 6. f4 Bd6 7. f5 g6 8. Ng3 Nh6
9. Qf3 Qf6 10. fxg6 Qxg6 11. a3 O-O 12. h3 f5 13. Nxf5 Nxf5 14. exf5 Bxf5 15.
d3 e4 16. dxe4 Bg3+ 17. Kd1 Bxe4 18. Bc4+ Kg7 19. Qe3 Bxc2+ 20. Ke2 Rae8 21.
Qxe8 Rxe8+ 22. Kf1 Bd3+ 23. Ne2 Qf5+ 0-1

[Event "Privatkamp mot Eidsvoll 2016"]
[Site "Ås, Akershus NOR"]
[Date "2016.05.12"]
[Round "1"]
[White "Melbye, Tor Vegard"]
[Black "Ruud, Kjetil"]
[Result "0-1"]
[WhiteElo "1450"]
[BlackElo "1434"]
[PlyCount "74"]
[EventDate "2016.05.12"]
[Board "3"]
[WhiteTeam "Eidsvoll"]
[BlackTeam "Follo"]

1. c4 e5 2. Nc3 Nf6 3. g3 c6 4. Bg2 d5 5. cxd5 cxd5 6. d4 e4 7. Bg5 Bb4 8. Qb3
Nc6 9. e3 Bxc3+ 10. bxc3 Na5 11. Qb4 b6 12. Ne2 h6 13. Bxf6 Qxf6 14. Nf4 Bb7
15. h4 Rc8 16. Bf1 Nc4 17. Bxc4 Rxc4 18. Qa3 a6 19. h5 g5 20. hxg6 fxg6 21. Rh2
b5 22. Kd2 Qc6 23. Rb1 Bc8 24. Rb4 g5 25. Ne2 Qd6 26. Qb3 Rc7 27. a4 Bd7 28.
axb5 Bxb5 29. Nc1 Rf7 30. Qb2 h5 31. Ke1 h4 32. Rh1 Rhf8 33. gxh4 Rxf2 34. Qxf2
Rxf2 35. Kxf2 Qf6+ 36. Kg1 Qf1+ 37. Kh2 Qf2+ 0-1

[Event "Privatkamp mot Eidsvoll 2016"]
[Site "Ås, Akershus NOR"]
[Date "2016.05.12"]
[Round "1"]
[White "Brenden, Torbjørn"]
[Black "Mannerud, Arne"]
[Result "1/2-1/2"]
[WhiteElo "1417"]
[BlackElo "1439"]
[PlyCount "47"]
[EventDate "2016.05.12"]
[Board "4"]
[WhiteTeam "Follo"]
[BlackTeam "Eidsvoll"]

1. d4 d5 2. Nf3 Nf6 3. g3 e6 4. Bg2 b6 5. O-O Bb7 6. Bg5 Be7 7. a4 a5 8. Ne5
Nbd7 9. Nxd7 Nxd7 10. Bxe7 Qxe7 11. c4 c6 12. cxd5 cxd5 13. Nc3 O-O 14. Qd2 f5
15. f4 Ba6 16. Rf2 Rac8 17. e3 Nf6 18. h3 Ne4 19. Bxe4 dxe4 20. Ra3 Bc4 21. Ra1
Rfd8 22. Qe1 h5 23. h4 g6 24. Rh2 1/2-1/2

[Event "Privatkamp mot Eidsvoll 2016"]
[Site "Ås, Akershus NOR"]
[Date "2016.05.12"]
[Round "1"]
[White "Aasgaard, Kenneth"]
[Black "Olsen, Trygve"]
[Result "0-1"]
[WhiteElo "1278"]
[BlackElo "1276"]
[PlyCount "88"]
[EventDate "2016.05.12"]
[Board "5"]
[WhiteTeam "Eidsvoll"]
[BlackTeam "Follo"]

1. d4 b5 2. e3 a6 3. a3 d5 4. Nf3 Nc6 5. Bd3 Nf6 6. O-O Bg4 7. h3 Bh5 8. Nbd2
e5 9. Be2 e4 10. Nh2 Bg6 11. f3 Bd6 12. fxe4 Nxe4 13. Nxe4 dxe4 14. Ng4 O-O 15.
b3 f5 16. Nh2 Bg3 17. Bh5 Qd6 18. Bxg6 Bxh2+ 19. Kh1 hxg6 20. a4 b4 21. Qe2 Bg3
22. Bd2 a5 23. Qc4+ Rf7 24. Be1 Bxe1 25. Raxe1 Raf8 26. Rf4 Ne7 27. Ref1 Nd5
28. Qe2 Nxf4 29. Rxf4 g5 30. Rf1 f4 31. Rg1 Qd5 32. Qe1 f3 33. Qf2 fxg2+ 34.
Qxg2 Rf2 35. Qxg5 Qxg5 36. Rxg5 Rxc2 37. Rg2 Rc3 38. h4 Rxe3 39. Kh2 Rff3 40.
Kg1 Rxb3 41. h5 Rh3 42. Rh2 Rxh2 43. Kxh2 Rf3 44. d5 b3 0-1

[Event "Treningsparti"]
[Site "Ås, Akershus NOR"]
[Date "2016.05.12"]
[Round "1"]
[White "Midtgard, Anders"]
[Black "Samset, Jon"]
[Result "0-1"]
[WhiteElo "1105"]
[BlackElo "1077"]
[PlyCount "132"]
[EventDate "2016.05.12"]

1. e4 g6 2. d4 d6 3. c4 Nc6 4. Nf3 Bg7 5. d5 Ne5 6. Be2 Nf6 7. Nc3 Nxf3+ 8.
Bxf3 O-O 9. O-O a6 10. Qa4 e6 11. Rd1 exd5 12. e5 dxe5 13. Nxd5 Nxd5 14. Bxd5
Qh4 15. Re1 c6 16. g3 Qh5 17. Bg2 Bg4 18. b3 e4 19. Rb1 f5 20. Bb2 Rad8 21.
Bxg7 Kxg7 22. Qb4 Rd7 23. Qc3+ Rf6 24. b4 Rd3 25. Qe5 Rd7 26. b5 Be2 27. bxc6
bxc6 28. Rb8 Bxc4 29. Re8 Bxa2 30. Re7+ Rxe7 31. Qxe7+ Bf7 32. Bf1 a5 33. Bc4
g5 34. Bxf7 Qxf7 35. Qa3 Qa7 36. Ra1 f4 37. Qxa5 Qxa5 38. Rxa5 Kg6 39. Kg2 f3+
40. Kh3 Rf5 41. Ra3 h5 42. Rc3 c5 43. g4 hxg4+ 44. Kxg4 Rf4+ 45. Kg3 Rf5 46.
Kg4 Rd5 47. Rc2 Kf6 48. h3 Ke6 49. Kg3 Ke5 50. Rc4 Kf5 51. Rc3 Ke6 52. Rc4 Re5
53. Rc1 Kd6 54. Rd1+ Kc6 55. Rc1 Kb5 56. h4 gxh4+ 57. Kf4 Re8 58. Ke3 h3 59.
Kd2 h2 60. Rh1 Rh8 61. Kd1 c4 62. Kc1 Kb4 63. Kb2 c3+ 64. Kc2 Kc4 65. Kc1 Kd3
66. Kd1 e3 0-1

[Event "Privatkamp mot Eidsvoll 2015"]
[Site "Råholt, Akershus NOR"]
[Date "2015.04.28"]
[Round "?"]
[White "Furnes, Torstein"]
[Black "Aasgaard, Frode"]
[Result "1-0"]
[WhiteElo "1670"]
[BlackElo "1728"]
[Annotator "Furnes, Torstein"]
[PlyCount "93"]
[EventDate "2015.04.28"]
[Board "1"]
[WhiteTeam "Follo"]
[BlackTeam "Eidsvoll"]

1. d4 f5 2. c4 Nf6 3. Nc3 e6 4. Nf3 b6 5. Bg5 Be7 6. e3 Bb7 7. Be2 O-O 8. O-O
d6 9. Rc1 Nbd7 10. b4 Ne4 11. Bxe7 Qxe7 12. Nd2 Nxd2 13. Qxd2 Qg5 14. d5 e5 15.
f4 exf4 16. exf4 Qf6 17. Bf3 a5 18. a3 axb4 19. axb4 Ba6 20. Ne2 Bc8 21. Nd4
Nb8 22. Rfe1 h6 23. Re2 Bd7 24. Rce1 Ra3 25. Re3 Rxe3 26. Rxe3 Na6 27. Ne6 Re8
28. b5 Bxe6 $2 $18 {En avgjørende feil.} ({Fritz anbefaler} 28... Nc5 29. Nxc7
Rxe3 30. Qxe3 Qa1+ 31. Kf2 Qa2+ 32. Be2 Ne4+ 33. Kg1 Qa1+ 34. Bf1 Qd1 $14) 29.
bxa6 {Hvit har fått en farlig, fjern fribonde.} Bd7 30. Rxe8+ Bxe8 31. Qe1 Bd7
32. a7 Qd8 33. Qa1 ({Fritz påviser her en sterk vinstvariant for hvit:} 33. c5
$3 $18 Qa8 (33... bxc5 34. Qa5 Qa8 35. Qxc7) (33... dxc5 34. d6 c6 35. Qe7 Qc8
36. Bh5 b5 37. Bg6 b4 38. Qf7+ Kh8 39. Qxd7 Qa8 (39... Qxd7 40. a8=Q+) 40. Qc7)
(33... Be8 34. Qa1 Qa8 35. c6 Kf8 36. Qa6 g5 37. Qb7) 34. c6 Be8 35. Qa1 g5 36.
Qa6 Kf8 37. Qb7) 33... Qa8 34. Kf2 Bc8 35. h3 ({Hvits sterkeste fortsettelse er
} 35. Bh5 {med trusselen om å spille løperen til e8 og c6.} Bd7 (35... Bb7 36.
Qe1) (35... Kf8 36. c5 $1) 36. Kg3 Kf8 37. c5 $1 dxc5 (37... bxc5 38. Qa5 Ke7
39. Qxc7) (37... Bb5 38. cxb6 cxb6 39. Qa3 Ke7 (39... Kg8 40. Bg6 Bd7 41. Qa6)
40. Qe3+ Kd7 41. Qxb6) 38. d6 cxd6 39. Bf3 d5 40. Bxd5 Qxd5 41. a8=Q+) 35...
Bb7 36. g4 $6 {Et litt tvilsomt trekk. Hvit burde heller spilt Lh5 som nevnt i
forrige trekk.} fxg4 37. Bxg4 Qf8 38. Be6+ Kh8 39. f5 Ba8 $2 {Begge spillerne
begynner å få tidsnød. Og vi får ikke tildelt ekstra tid etter 40 trekk.} 40.
Kf3 $2 ({Hvit vinner enkelt etter} 40. Qa6 {fulgt av Dc8 og dronningbytte.})
40... Qe7 41. Qa4 $2 (41. Qa6 {vinner raskt.}) 41... c6 42. Qa6 Qc7 43. Ke4 ({
Hvits beste fortsettelse er} 43. dxc6 Qxc6+ (43... Bxc6+ 44. Ke3 Ba8 45. Qc8+
Qxc8 46. Bxc8 d5 47. cxd5 Bxd5 48. Kd4 Bf3 49. Be6 Bc6 50. Bd5) (43... Kh7 44.
Qc8) 44. Bd5 Qe8 45. Bxa8 Qxa8+ 46. Kf4) 43... cxd5+ 44. Bxd5 Bxd5+ ({Svart
kunne lagt en felle med} 44... b5 45. Qa2 ({Hvis hvit er grådig og spiller} 45.
Bxa8 $2 {får svart evig sjakk etter} Qxc4+)) 45. Kxd5 ({Etter} 45. cxd5 $2 {
får svart evig sjakk med} Qc2+) 45... Qc5+ 46. Ke6 Qe5+ 47. Kd7 {Svart ga opp.}
({Den hvite kongen kommer snart i sikkerhet fra dronningsjakkene. F.eks.} 47.
Kd7 Qxf5+ 48. Kc7 Qf7+ (48... Qc5+ 49. Kb8) 49. Kxb6 Qf2+ 50. Kb7 Qf7+ (50...
Qf3+ 51. Qc6 Qf7+ 52. Kb6 Qf2+ 53. c5 Qb2+ 54. Kc7) 51. Kb8 Qe8+ 52. Qc8) 1-0

[Event "Privatkamp mot Eidsvoll 2015"]
[Site "Råholt, Akershus NOR"]
[Date "2015.04.28"]
[Round "?"]
[White "Posaasen, Steinar"]
[Black "Lea, Per"]
[Result "1/2-1/2"]
[WhiteElo "1573"]
[BlackElo "1593"]
[Annotator "Lea,Per"]
[PlyCount "106"]
[EventDate "2015.04.28"]
[Board "2"]
[WhiteTeam "Eidsvoll"]
[BlackTeam "Follo"]

1. e4 e5 2. Nf3 Nc6 3. Bb5 a6 4. Ba4 Nf6 5. d3 b5 6. Bb3 Be7 7. a3 d6 8. h3 O-O
9. Be3 Be6 10. c3 Bxb3 11. Qxb3 Na5 12. Qc2 c5 13. b4 Nc6 14. O-O a5 15. Nbd2
Qd7 16. Rfb1 (16. a4 bxa4 17. b5 Na7 18. c4 $16) 16... axb4 17. c4 $2 {Taper
bonde forsert} Rfb8 18. cxb5 Rxb5 19. Nc4 Rbb8 20. Bd2 bxa3 21. Rxb8+ Rxb8 22.
Rxa3 Qb7 23. Qa2 Qb1+ 24. Qxb1 Rxb1+ 25. Kh2 Ne8 26. Ra8 Rb8 27. Rxb8 Nxb8 28.
Kg1 f6 29. Kf1 Kf7 30. Ke2 Ke6 31. g4 h6 $2 {Lar svart komme til med
springeren på g6 eller f5} (31... Nc7) ({eller} 31... Nc6 {beholder svart en
klar fordel. Etter teksttrekket blir den minimal.}) 32. Nh4 Nc6 33. Bc3 Bd8 34.
Nf5 Nd4+ 35. Bxd4 cxd4 36. f3 d5 (36... g6 37. Nxh6 Be7 38. f4 exf4 39. Nd2 Bf8
40. g5 fxg5 41. Ng4 Bg7 {med fordel for svart}) 37. Nd2 Ba5 38. h4 Bxd2 39.
Kxd2 dxe4 40. fxe4 Kd7 41. h5 Kc6 42. Kc2 Kb5 43. Kb3 Kc5 44. Ka4 Kb6 (44...
Nd6 45. Nxg7 Nxe4 46. dxe4 Kc4 47. Ne8 d3 48. Nd6+ Kc5 49. Nb7+ Kd4 50. Kb3
Kxe4 51. Kc3 Ke3 52. Nd6 e4 53. Nc4+ Ke2 54. Nb2 d2 55. Kd4 e3 56. Ke4 {og
svart kommer ikke videre}) 45. Kb4 Kc6 46. Kc4 Nd6+ 47. Kb4 Nxf5 48. gxf5 (48.
exf5 $4 Kd5 49. Kb3 e4 50. Kc2 e3 {og svart vinner}) 48... Kb6 49. Kc4 Ka5 50.
Kb3 $1 {Alle andre trekk taper!} Kb5 51. Ka3 Ka5 52. Kb3 Kb5 {Med remistilbud}
53. Ka3 Ka5 1/2-1/2

[Event "Privatkamp mot Eidsvoll 2015"]
[Site "Råholt, Akershus NOR"]
[Date "2015.04.28"]
[Round "?"]
[White "Lange, Holger"]
[Black "Mannerud, Jan"]
[Result "1-0"]
[WhiteElo "1589"]
[BlackElo "1414"]
[Annotator "Lange,Holger"]
[PlyCount "55"]
[EventDate "2015.04.28"]
[Board "3"]
[WhiteTeam "Follo"]
[BlackTeam "Eidsvoll"]

1. e4 c5 2. Nf3 Nc6 3. d4 cxd4 4. Nxd4 e5 5. Nb5 a6 6. Nd6+ Bxd6 7. Qxd6 Qe7 8.
Qc7 $6 Nf6 (8... d5 {løser alle åpningsproblemer for svart}) 9. Nc3 O-O 10. Bg5
{Her er jeg overrasket at Stockfish godkjenner ikke trekket som jeg betraktet
som ganske naturlig} Qe6 $6 (10... Qb4 $1 {skaffer problemer for hvit:} 11.
O-O-O Ne8 $1 12. a3 Qxc3 13. Qxc8 Qxc2+ 14. Kxc2 Rxc8 $15 {er en variant som
jeg over hode ikke hadde tenkt på, heller ikke min motstander heldigvis}) 11.
O-O-O Ne8 12. Qb6 h6 13. Be3 Nd4 $2 (13... d6 {var verdt et forsøk. Men nå
står svart veldig passiv, og ikke minst har tapt en bonde.}) 14. Bxd4 exd4 15.
Qxd4 Nf6 16. Bc4 Qc6 17. e5 Nh7 18. Nd5 Re8 19. Nb6 Rb8 20. Bd5 {veldig aktivt
offiserspill, svarts dame har alltid problemer å finne gode felt. Hvit står
fullstendig overlegen. I tillegg var det veldig mye tidsforbruk på svart sin
klokke, han hadde mindre enn 10 min igjen her.} Qb5 $6 21. Nc4 {truer blant
annet Sd6} Re7 22. Qa7 $1 {ingen vei å redde tårnet!} Ng5 23. Qxb8 Qc5 24. Qd6
b6 25. Qxc5 bxc5 26. f4 Ne6 27. Nd6 Nxf4 28. Nxc8 {her tapte svart på tid i en
håpløst stilling.} 1-0

[Event "Privatkamp mot Eidsvoll 2015"]
[Site "Råholt, Akershus NOR"]
[Date "2015.04.28"]
[Round "?"]
[White "Kvile, Odd Martin"]
[Black "Olsen, Trygve"]
[Result "0-1"]
[WhiteElo "1494"]
[BlackElo "1250"]
[PlyCount "120"]
[EventDate "2015.04.28"]
[Board "4"]
[WhiteTeam "Eidsvoll"]
[BlackTeam "Follo"]

1. e4 c5 2. Nf3 Nc6 3. Nc3 e6 4. Be2 g6 5. O-O Bg7 6. Re1 Nge7 7. Rb1 O-O 8. d3
d6 9. Bf4 e5 10. Bd2 f5 11. Nd5 Nxd5 12. exd5 Ne7 13. c4 f4 14. b4 b6 15. bxc5
bxc5 16. Qa4 Nf5 17. Ba5 Qe7 18. Qc2 Nh4 19. Rb3 Bf5 20. Reb1 e4 21. Nxh4 Qxh4
22. dxe4 Bc8 23. Bc3 Bg4 24. Bxg7 Kxg7 25. Bxg4 Qxg4 26. Qc3+ Kh6 27. Qh3+ Qxh3
28. Rxh3+ Kg7 29. Rb7+ Kf6 30. Rhxh7 Ke5 31. f3 Kd4 32. Rhg7 Rf6 33. Rxa7 Rxa7
34. Rxa7 Kxc4 35. Rb7 Kd3 36. Rb3+ Kc2 37. Kf1 c4 38. Rb6 c3 39. Ke2 Rf8 40. a4
Ra8 41. Rb4 Ra6 42. Rc4 Rb6 43. Rc6 Rb2 44. e5 dxe5 45. d6 Kb1+ 46. Kd3 c2 47.
Ke4 c1=Q 48. Rxc1+ Kxc1 49. Kxe5 Rxg2 50. d7 Rd2 51. Ke6 g5 52. Kf5 Rxd7 53.
Kxg5 Kd2 54. Kxf4 Rd4+ 55. Kg5 Ke3 56. f4 Rxf4 57. a5 Ra4 58. h4 Rxa5+ 59. Kg6
Kf4 60. h5 Rg5+ 0-1

[Event "Privatkamp mot Eidsvoll 2015"]
[Site "Råholt, Akershus NOR"]
[Date "2015.04.28"]
[Round "?"]
[White "Garmark, Vegard"]
[Black "Melbye, Tor Vegard"]
[Result "0-1"]
[WhiteElo "1224"]
[BlackElo "1483"]
[PlyCount "36"]
[EventDate "2015.04.28"]
[Board "5"]
[WhiteTeam "Follo"]
[BlackTeam "Eidsvoll"]

1. e4 b6 2. d4 Bb7 3. Nc3 e6 4. Be3 Bb4 5. a3 Bxc3+ 6. bxc3 Bxe4 7. Qg4 Bg6 8.
Bd3 Nf6 9. Qf3 d5 10. Bxg6 hxg6 11. c4 c6 12. c5 Nbd7 13. Ne2 bxc5 14. dxc5
Qa5+ 15. Kd1 Ne4 16. Nd4 Qa6 17. Nb3 Ne5 18. Qe2 Nc3+ 0-1